'The Walking Dead' Families Quiz Stats

 Plays Quiz Updated Dec 3, 2016

Support Sporcle.
Go Orange.
Score 0/31 Timer 03:00
10 Plays Today
% Correct
Carl
95.5%
Rick
95.3%
Lori
92.8%
Daryl
92.1%
Judith
90.2%
Merle
89%
Carol
84%
Sophia
78.9%
Ed
75.3%
Deanna
67.6%
Spencer
62.3%
Jessie
60.5%
Morgan
60.5%
Sam
58.6%
Duane
57.8%
Sasha
57.3%
% Correct
Tyreese
57.2%
Ron
55.3%
Lizzie
53.9%
Mika
53.6%
Aiden
52.2%
Pete
51.8%
Tara
51.2%
Reg
50.6%
Meghan
47.1%
Lilly
46.9%
Philip
45%
Jenny
43%
Penny
42.2%
David
39.2%
Ryan
25.7%

You're not logged in!

Compare scores with friends on all Sporcle quizzes.
OR
Log In

From the Vault

The Sunshine Quiz

by rockgolf

A day without sunshine is like, you know, night.
Remove Ads.
Support Sporcle.
Get the best of Sporcle when you Go Orange. This ad-free experience offers more features, more stats, and more fun while also helping to support Sporcle. Thank you for becoming a member.

Show Comments

Extras

Top Quizzes Today


Score Distribution

Your Account Isn't Verified!

In order to create a playlist on Sporcle, you need to verify the email address you used during registration. Go to your Sporcle Settings to finish the process.

Report this User

Report this user for behavior that violates our Community Guidelines.

Details: